01494cam a22003134i 4500003000900000005001700009008004100026035001900067040003300086082001800119100002900137245002600166264003200192336002100224337002500245338002300270505079100293526001001084526001001094526001001104526001001114526000801124526000801132526000801140526000801148526000801156526000801164526000801172PE-LiUPU20250731173211.0150625s r 000 0 d a(Sirsi) a32296 aPE-LiUPUbspacPE-LiUPUerda04a200bW4252211 aWeissmahr, Bela,eautor.10aTeologia natural.n5. 1aBarcelona :bHerder,c1986. atext2rdacontent aunmediated2rdamedia avolume2rdacarrier0 aLas condiciones del conocimiento divino en la capacidad cognitiva del hombre: Concepciones que rechazan el conocimiento racional de Dios, ¿Hasta donde se extiende la experiencia del hombre?, ¿Se puede hablar de una experiencia de Dios?. - El desarrollo metodologico de algunos hechos que señalan a Dios: El hombre en busca del sentido de la vida, El hombre ante la exigencia absoluta de la moralidad, El hombre a la busqueda del fundamento ultimo de todas las cosas, El hombre frente al misterio del mundo en evolución, Observaciones a la denominada prueba ontologica de Dios. - Sobre la esencia de Dios: ¿Como hay que hablar de Dios?, La trascendencia y la inmanencia de Dios, Dios como creador, Las consecuencias del ser creado del mundo, El mal en el mundo creado por Dios. aSEG42 aSEG41 aSEG40 aSEG39 aP94 aP87 aP86 aP85 aP77 aP76 aP35